<?xml version="1.0" encoding="UTF-8"?><OAI-PMH xmlns="http://www.openarchives.org/OAI/2.0/" xmlns:xsi="http://www.w3.org/2001/XMLSchema-instance"     xsi:schemaLocation="http://www.openarchives.org/OAI/2.0/ http://www.openarchives.org/OAI/2.0/OAI-PMH.xsd"><responseDate>2026-05-17T03:06:29Z</responseDate><request verb="GetRecord" identifier="oai:regmurcia.com:fintegr.220" metadataPrefix="marc21">http://oai.regmurcia.com/oai2/oai2.php</request><GetRecord><record><header><identifier>oai:regmurcia.com:fintegr.220</identifier><datestamp>2026-05-17</datestamp><setSpec>documentos</setSpec></header><metadata><record  xmlns="http://www.loc.gov/MARC21/slim" xmlns:xsi="http://www.w3.org/2001/XMLSchema-instance" xsi:schemaLocation="http://www.loc.gov/MARC21/slim http://www.loc.gov/standards/marcxml/schema/MARC21slim.xsd" type="Bibliographic"><leader>00000nam a2200000   4500</leader><controlfield tag="001" >005076232</controlfield><controlfield tag="003" >220</controlfield><controlfield tag="004" >A00000000</controlfield><datafield tag="245" ind1=" " ind2=" "><subfield code="a">Provisión de Juan II a todo el reino, mandando que no se envíe gente de armas a ningún lugar sin su consentimiento expreso.</subfield></datafield><datafield tag="300" ind1=" " ind2=" "><subfield code="c">337 x 303 mm.</subfield></datafield><datafield tag="351" ind1=" " ind2=" "><subfield code="a">Unidad Documental simple</subfield><subfield code="c">Archivo de Murcia. Array</subfield><subfield code="a">Unidad Documental simple</subfield><subfield code="c">Archivo de Murcia. Array</subfield></datafield><datafield tag="351" ind1=" " ind2=" "><subfield code="b">Nº 87</subfield></datafield><datafield tag="505" ind1=" " ind2=" "><subfield code="a">/codom/16/291.pdf</subfield></datafield><datafield tag="506" ind1=" " ind2=" "><subfield code="a">Acceso restringido</subfield></datafield><datafield tag="510" ind1=" " ind2=" "><subfield code="a">Pub. ABELLÁN PÉREZ, JUAN. Documentos de Juan II. Murcia: Academia Alfonso X el Sabio, 1984, p.632-633</subfield></datafield><datafield tag="520" ind1=" " ind2=" "><subfield code="a">Juan II ordena que sin su orden previa no se envíen tropas a ningún lugar. Decreta severas penas para los que contravengan sus órdenes.</subfield></datafield><datafield tag="583" ind1=" " ind2=" "><subfield code="u">http://www.regmurcia.com/servlet/s.Sl?METHOD=VERDOCUMENTO&amp;sit=serv,Carmesi&amp;n=/01/817/indice.djvu</subfield></datafield><datafield tag="592" ind1=" " ind2=" "><subfield code="a">1450-07-13</subfield></datafield><datafield tag="592" ind1=" " ind2=" "><subfield code="d">1450-07-13 00:00:00</subfield></datafield><datafield tag="651" ind1=" " ind2=" "><subfield code="a">Madrigal</subfield></datafield><datafield tag="786" ind1=" " ind2=" "><subfield code="o">http://www.regmurcia.com/servlet/s.Sl?METHOD=VERDOCUMENTO&amp;sit=serv,Carmesi&amp;n=/01/817/indice.djvu</subfield></datafield><datafield tag="856" ind1=" " ind2=" "><subfield code="u">http://www.regmurcia.com/servlet/s.Sl?METHOD=DETALLE&amp;sit=c,373,m,139,serv,Carmesi&amp;id=220</subfield></datafield></record></metadata></record></GetRecord></OAI-PMH>
